Filosofía de la vida artística
Zapisane w:
| 1. autor: | |
|---|---|
| Format: | Książka |
| Język: | hiszpański |
| Wydane: |
Buenos Aires
Espasa-Calpe
1950
|
| Seria: | Colección Austral
|
| Hasła przedmiotowe: | |
| Etykiety: |
Dodaj etykietę
Nie ma etykietki, Dołącz pierwszą etykiete!
|
MARC
| LEADER | 00000nam a2200000 a 4500 | ||
|---|---|---|---|
| 001 | UCZ3701 | ||
| 003 | CL-VaPUC | ||
| 008 | 951027e19500000AG |||||||||||||||||spa|d | ||
| 082 | 0 | 4 | |a 701 |b RAM |2 21 |
| 100 | 0 | |a Ramos, Samuel |e author |9 347540 | |
| 245 | 1 | 0 | |a Filosofía de la vida artística |
| 300 | |a 145 p | ||
| 942 | |c BK | ||
| 945 | |d 19951027 00:00:00 |a cmena | ||
| 260 | |a Buenos Aires |b Espasa-Calpe |c 1950 | ||
| 650 | 0 | |a Estética |9 264950 | |
| 650 | 0 | |a Artes |9 268202 | |
| 650 | 0 | |a Psicología aplicada |9 270762 | |
| 650 | 0 | |a Personalidad |9 307255 | |
| 650 | 0 | |a Artistas |9 262026 | |
| 650 | 0 | |a Creación artística |9 266215 | |
| 583 | |a last modification |c 19951027 00:00:00 |k Rodrigo Vera | ||
| 490 | 0 | |a Colección Austral | |
| 999 | |c 240150 |d 240148 | ||
| 952 | |0 0 |1 0 |4 0 |6 701_000000000000000_RAM_1950 |7 0 |8 P |9 251862 |a BIBEDU |b BIBEDU |c BIBEDU_PB |d 2019-11-18 |i 1588001 |o 701 RAM 1950 |p 1588001 |r 2024-01-25 |w 2019-11-18 |y BK |k FIL | ||